000 00468nam a2200181Ia 4500
005 20250326130006.0
008 250326s9999 xx 000 0 und d
037 _aTextbook
040 _aFMSL
_beng
_cFMSL
041 _aeng
_2eng
084 _aS N0
_qFMSL
100 _aRichard N
_9739984
245 0 _aHand book of psychology
_cRichard N
260 _aLondon
_bLondon, Vision
_c1960
300 _a243p
942 _cTB
_hS N0
999 _c1280473
_d1280473